First Love/Late Spring - Mitski Lyrics - Statistics

General Stats
  • This quiz has been taken 697 times
    694 since last reset
  • The average score is 151 of 186
Answer Stats
Answer % Correct
I
98%
a
97%
you
96%
don't
95%
So
95%
so
95%
can
94%
love
94%
me
94%
please
93%
Please
93%
say
92%
The
91%
the
91%
when
91%
can't
90%
leave
90%
child
88%
hurry
88%
of
88%
breathe
87%
tall
87%
I've
86%
and
85%
And
85%
been
83%
like
83%
on
83%
in
82%
But
81%
lately
81%
night
81%
crying
80%
find
79%
from
79%
jump
79%
women
79%
black
78%
I'm
78%
word
78%
baby
77%
off
77%
One
77%
peach
77%
that
77%
this
77%
sweet
76%
tree
76%
back
75%
something
75%
where
75%
window
75%
would
75%
hole
74%
ledge
74%
wild
74%
sleep
73%
go
72%
Tell
72%
carries
71%
blues
70%
breeze
69%
young
67%
was
66%
behaved
65%
grown
65%
into
65%
to
64%
twenty-five
64%
crawl
63%
now
62%
wanna
61%
home
59%
get
55%
sky
54%
big
52%
yet
52%
Let
49%
walk
48%
top
45%
ga
36%
Mune
35%
hachikire-sōde
13%
No matching quizzes found
Score Distribution
Percent of People with Each Score
Percentile by Number Answered
Your Score History
You have not taken this quiz since the last reset